Todos los países que nunca han jugado una Copa Mundial de la FIFA - Estadísticas

Estadísticas generales
  • Esta prueba ha sido intentada 3.430 veces
    667 desde el último reinicio
  • La puntuación promedio es 92 de 128
Estadísticas de respuestas
Hint Países % Correcto
6 UEFA Andorra
91%
6 UEFA San Marino
91%
6 UEFA Liechtenstein
87%
6 UEFA Lituania
86%
6 UEFA Luxemburgo
86%
6 UEFA Estonia
85%
2 CAF Guinea
85%
6 UEFA Letonia
85%
6 UEFA Armenia
84%
6 UEFA Kosovo
84%
6 UEFA Albania
83%
6 UEFA Georgia
83%
1 AFC India
83%
6 UEFA Kazajistán
83%
6 UEFA Azerbaiyán
82%
6 UEFA Bielorrusia
82%
6 UEFA Malta
82%
4 CONMEBOL Venezuela
82%
6 UEFA Chipre
81%
2 CAF Guinea Ecuatorial
81%
1 AFC Kirguistán
81%
1 AFC Omán
81%
2 CAF República del Congo
81%
2 CAF Sudán
81%
1 AFC Vietnam
81%
1 AFC Yemen
81%
1 AFC Afganistán
80%
2 CAF Guinea-Bissau
80%
1 AFC Laos
80%
2 CAF Lesoto
80%
6 UEFA Macedonia del Norte
80%
2 CAF Somalia
80%
2 CAF Sudán del Sur
80%
3 CONCACAF Antigua y Barbuda
79%
3 CONCACAF Bahamas
79%
3 CONCACAF Belice
79%
6 UEFA Montenegro
79%
1 AFC Tayikistán
79%
2 CAF Zambia
79%
3 CONCACAF Barbados
78%
2 CAF Eritrea
78%
6 UEFA Finlandia
78%
6 UEFA Moldavia
78%
1 AFC Nepal
78%
1 AFC Pakistán
78%
3 CONCACAF San Vicente y las Granadinas
78%
2 CAF Seychelles
78%
1 AFC Turkmenistán
78%
2 CAF Zimbabue
78%
1 AFC Bután
77%
2 CAF Chad
77%
2 CAF Etiopía
77%
2 CAF Kenia
77%
2 CAF Madagascar
77%
2 CAF Mauritania
77%
1 AFC Mongolia
77%
2 CAF Níger
77%
3 CONCACAF República Dominicana
77%
3 CONCACAF Santa Lucía
77%
1 AFC Tailandia
77%
1 AFC Camboya
76%
5 OFC Fiyi
76%
5 OFC Islas Salomón
76%
2 CAF Mauricio
76%
2 CAF Ruanda
76%
5 OFC Samoa
76%
2 CAF Suazilandia
76%
2 CAF Uganda
76%
5 OFC Vanuatu
76%
1 AFC Baréin
75%
2 CAF Gambia
75%
3 CONCACAF Guatemala
75%
1 AFC Malasia
75%
2 CAF Mozambique
75%
3 CONCACAF Nicaragua
75%
3 CONCACAF San Cristóbal y Nieves
75%
3 CONCACAF Surinam
75%
2 CAF Yibuti
75%
2 CAF Benín
74%
2 CAF Botsuana
74%
2 CAF Burundi
74%
1 AFC China Taipéi
74%
3 CONCACAF Granada
74%
3 CONCACAF Guyana
74%
2 CAF Liberia
74%
2 CAF Libia
74%
2 CAF Malí
74%
2 CAF Namibia
74%
5 OFC Papúa Nueva Guinea
74%
1 AFC Sri Lanka
74%
2 CAF Tanzania
74%
1 AFC Brunéi
73%
1 AFC Líbano
73%
5 OFC Tonga
73%
1 AFC Bangladés
72%
3 CONCACAF Dominica
72%
2 CAF Gabón
72%
1 AFC Maldivas
72%
2 CAF Santo Tomé y Príncipe
72%
1 AFC Singapur
72%
2 CAF Burkina Faso
71%
2 CAF Comoras
71%
1 AFC Myanmar
71%
2 CAF República Centroafricana
71%
1 AFC Siria
71%
1 AFC Timor-Leste
70%
1 AFC Filipinas
69%
2 CAF Malaui
69%
2 CAF Sierra Leona
69%
6 UEFA Gibraltar
57%
3 CONCACAF Aruba
53%
6 UEFA Islas Feroe
53%
3 CONCACAF Puerto Rico
52%
1 AFC Palestina
44%
3 CONCACAF Islas Vírgenes Británicas
43%
1 AFC Guam
41%
1 AFC Hong Kong
41%
5 OFC Nueva Caledonia
40%
5 OFC Samoa Americana
40%
3 CONCACAF Islas Vírgenes de los Estados Unidos
39%
1 AFC Macao
37%
3 CONCACAF Anguila
36%
3 CONCACAF Islas Caimán
36%
5 OFC Islas Cook
35%
3 CONCACAF Islas Turcas y Caicos
35%
5 OFC Tahití
35%
3 CONCACAF Montserrat
32%
3 CONCACAF Bermudas
31%
No se encontraron pruebas coincidentes
Distribución de puntuación
Porcentaje de gente con cada puntuación
Porcentaje por número respondido
Historial de tus puntuaciones
No has intentado esta prueba desde el último reinicio